Comparative study of necessity of marriage and extent of marital adjustment among female of Mehsana and Ahmedabad districts of the Gujarat state (Record no. 11784)

MARC details
000 -LEADER
fixed length control field 00565nam a2200169Ia 4500
082 ## - DEWEY DECIMAL CLASSIFICATION NUMBER
Classification number TC.0204
100 ## - MAIN ENTRY--AUTHOR NAME
Personal name Chaudhari, Neeta P.
245 #0 - TITLE STATEMENT
Title Comparative study of necessity of marriage and extent of marital adjustment among female of Mehsana and Ahmedabad districts of the Gujarat state
260 ## - PUBLICATION, DISTRIBUTION, ETC. (IMPRINT)
Year of publication 2011
Name of publisher Hemchandracharya North Gujarat University, Gujarat
300 ## - PHYSICAL DESCRIPTION
Number of Pages 160
650 ## - SUBJECT ADDED ENTRY--TOPICAL TERM
Topical Term MARRIAGE:GUJARAT
650 ## - SUBJECT ADDED ENTRY--TOPICAL TERM
Topical Term MARITAL STATUS
650 ## - SUBJECT ADDED ENTRY--TOPICAL TERM
Topical Term COMMUNICATION IN MARRIAGE
650 ## - SUBJECT ADDED ENTRY--TOPICAL TERM
Topical Term MARITAL CONFLICT
710 ## - ADDED ENTRY--CORPORATE NAME
Corporate name or jurisdiction name as entry element Acharya, Manjari
942 ## - ADDED ENTRY ELEMENTS (KOHA)
Koha item type Thesis
Source of classification or shelving scheme Dewey Decimal Classification
Holdings
Withdrawn status Lost status Damaged status Not for loan Home library Current library Date acquired Source of acquisition Bill Date Full call number Accession Number Price effective from Koha item type
        NASSDOC Library NASSDOC Library 26/03/2013 AUTH 2013-03-01 TC.0204 48169 18/04/2019 Thesis